00551nam a2200193 a 4500001001300000003000900013005001700022008004100039020002300080082001500103100002800118245004700146260003400193300001000227500003500237505003400272650002300306700002800329nice12345678IN_TiNIC20260116012324.0050524s1981 haga grp 000 0 eng  a9027987 c10500a297.1bSMI aSmith, Wilfred Cantwell aOn Understanding Islamb Selected Studies. aHaguebMouton Publisherc1981 a351p. aincludes index and biblioraphy2 aEight articles bound together aIslam-Meccan Trade1 aSmith, Wilfred Cantwell